Promo Sciences Po - Statistiques

Statistiques générales
  • Ce quiz a été pris 54 fois
  • Le résultat moyen est 13 sur 20
Statistiques - réponses
Hint Réponse % Correct
Julien Azémard
100%
Quentin Mandement
100%
Cléo Cayet
80%
Yvon Gay
80%
Kelly Le Moullec
80%
Ianis Sana
80%
Louanne Tiozzo
80%
Julien Woods
80%
Bastien Zambano
80%
Samuel Astruc
60%
Thomas Brignetti
60%
Margaux Gancarz
60%
Romane Mariot
60%
Manon Petry
60%
Célia Puech
60%
Alban Teyssou
60%
Amina Benaïbout
40%
Luce Camus-Mizzi
40%
Marie Lagier
40%
Albane Rescoussery
40%
Aucun quiz correspondant
Distribution des résultats
% des personnes avec chaque résultat
Percentile par nombre de réponses
Votre historique - résultats
Vous n’avez pas pris ce quiz